| 000 | 00404nam a2200181Ia 4500 | ||
|---|---|---|---|
| 001 | 1426 | ||
| 005 | 20260306143727.0 | ||
| 008 | 260306t2005||||xx |||||||||||||| ||spa|| | ||
| 041 | _aESP | ||
| 082 |
_a150 _bP27 |
||
| 100 |
_aPastor Verdú, Elías _eAUT |
||
| 245 | 0 | _aPsicologia | |
| 260 | _c2005 | ||
| 300 |
_a423 páginas : _c21 cm. |
||
| 650 | _aGEN | ||
| 654 | _aCPS | ||
| 942 |
_cLIB _dJUS _fJUS _2ddc _n |
||
| 999 |
_c1426 _d1426 |
||